| 000 | 00883nam0a22002771 4500 | ||
|---|---|---|---|
| 001 | rc\2774720 | ||
| 005 | 20250806204644.0 | ||
| 035 | _a(NLR Aleph) 006901033 | ||
| 090 |
_a29586 _c29586 |
||
| 100 | _a20110915d1941 u y0rusy50 ca | ||
| 101 | 0 | _arus | |
| 102 | _aRU | ||
| 105 | _ay z ||||| | ||
| 200 | 1 |
_aЛедовый поход _fЕвгений Юнга |
|
| 210 |
_aМосква _aЛенинград _cВоенмориздат _d1941 |
||
| 215 |
_a18, [1] с. _d16 см. |
||
| 225 | 1 | _aБоевая библиотека краснофлотца | |
| 300 | _aНапеч. в Ленинграде | ||
| 700 | 1 |
_aЮнга _bЕ. _f1909-1988 _gЕвгений |
|
| 801 | 0 |
_aRU _bNLR _gpsbo |
|
| 801 | 1 |
_aRU _bELAR _2rusmarc |
|
| 852 |
_aNLR _jИр50 Г-2/369 |
||
| 942 | _cBOOK | ||
| 945 | _aРоссийская национальная библиотека | ||
| 980 | _aNB | ||
| 980 | _aBV | ||